000 00609nam a2200205 a 4500
001 61078
003 BD-RjUL
005 20211209080923.0
008 170115r19541948enk||||| |||| 00| 0 eng d
035 _a(BD-RjUL) 61202
040 _aBD-RjUL
_beng
_cBD-RjUL
041 _aeng
082 _223
_a973.3092
_bFRA 1954
100 _a Franklin, Bejamin
_9168516
245 1 0 _aAutobiography /
_cBejamin franklin
260 _aNew York :
_bMacmillan Co.,
_c1948 [reprint 1954]
300 _a175 P. :
_bill. ;
_c19 cm.
600 _aFranklin, Benjamin,
_d1706-1790
_zUnited States
_9182278
942 _2ddc
_cBK
999 _c61078
_d61078